Waiting for the groom; (Record no. 18396)

MARC details
000 -LEADER
fixed length control field 00638cam a22002171 4500
001 - CONTROL NUMBER
control field ca 36001989
003 - CONTROL NUMBER IDENTIFIER
control field DLC
005 - DATE AND TIME OF LATEST TRANSACTION
control field 20260227111145.0
008 - FIXED-LENGTH DATA ELEMENTS--GENERAL INFORMATION
fixed length control field 881114s1927 cou 000 0 eng
010 ## - LIBRARY OF CONGRESS CONTROL NUMBER
LC control number ca 36001989
035 ## - SYSTEM CONTROL NUMBER
System control number (OCoLC)18757276
040 ## - CATALOGING SOURCE
Original cataloging agency DLC
Transcribing agency RPB
Modifying agency RPB
-- DLC
042 ## - AUTHENTICATION CODE
Authentication code premarc
050 00 - LIBRARY OF CONGRESS CALL NUMBER
Classification number PN4305.M6
Item number D36
082 ## - DEWEY DECIMAL CLASSIFICATION NUMBER
Classification number 815.5
100 1# - MAIN ENTRY--PERSONAL NAME
Personal name Davison, Ada Clark,
Dates associated with a name 1882-
245 10 - TITLE STATEMENT
Title Waiting for the groom;
Remainder of title reading for girl,
Statement of responsibility, etc. by Ada Davidson [!] ...
260 ## - PUBLICATION, DISTRIBUTION, ETC.
Place of publication, distribution, etc. Franklin, O., Denver, Colo.,
Name of publisher, distributor, etc. Eldridge entertainment House, Inc.,
Date of publication, distribution, etc. c1927.
300 ## - PHYSICAL DESCRIPTION
Extent 5 p.
Dimensions 19 cm.
490 0# - SERIES STATEMENT
Series statement Eldridge popular monologs

No items available.

Powered by Koha